| 000 | 01249nam a2200361 a 4500 | ||
|---|---|---|---|
| 001 | ebr5003530 | ||
| 003 | CaPaEBR | ||
| 006 | m u | ||
| 007 | cr cn||||||||| | ||
| 008 | 001204s2001 enk sb 001 0 eng | ||
| 015 | _aGBA0-74456 | ||
| 016 | 7 |
_a0415221161 _2Uk |
|
| 020 | _z0415221161(cased) | ||
| 020 | _z041522117X(pbk.) | ||
| 040 |
_aCaPaEBR _cCaPaEBR |
||
| 035 | _a(OCoLC)50849621 | ||
| 050 | 1 | 4 |
_aHM621 _b.C86 2001eb |
| 082 | 0 | 4 |
_a306 _221 |
| 245 | 0 | 0 |
_aCulture in the communication age _h[electronic resource] / _cedited by James Lull. |
| 260 |
_aLondon : _bRoutledge, _c2001. |
||
| 300 | _aix, 230 p. | ||
| 490 | 1 | _aComedia | |
| 504 | _aIncludes bibliographical references and index. | ||
| 533 |
_aElectronic reproduction. _bPalo Alto, Calif. : _cebrary, _d2013. _nAvailable via World Wide Web. _nAccess may be limited to ebrary affiliated libraries. |
||
| 650 | 0 | _aCulture. | |
| 650 | 0 | _aCommunication and culture. | |
| 650 | 0 |
_aCommunication _xSocial aspects. |
|
| 655 | 7 |
_aElectronic books. _2local |
|
| 700 | 1 | _aLull, James. | |
| 710 | 2 | _aebrary, Inc. | |
| 830 | 0 | _aComedia. | |
| 856 | 4 | 0 |
_uhttp://site.ebrary.com/lib/rucke/Doc?id=5003530 _zAn electronic book accessible through the World Wide Web; click to view |
| 999 |
_c167 _d167 |
||